[Event "SVK-chT3A2 2122"]
[Site "Slovakia"]
[Date "2022.01.30"]
[Round "8.7"]
[White "Holicky, Miroslav"]
[Black "Lovas, Roman"]
[Result "1-0"]
[WhiteElo "1797"]
[BlackElo "1000"]
[PlyCount "49"]
[EventDate "2021.10.10"]
[EventType "team-tourn"]
[EventRounds "11"]
[EventCountry "SVK"]
[SourceTitle "EXT 2023"]
[Source "ChessBase"]
[SourceDate "2022.10.05"]
[SourceVersion "1"]
[SourceVersionDate "2022.10.05"]
[SourceQuality "1"]
[WhiteTeam "Trnava Lokomotiva"]
[BlackTeam "Cifer II"]
[WhiteTeamCountry "SVK"]
[BlackTeamCountry "SVK"]

1. d4 d5 2. c4 Nf6 3. Nf3 e6 4. g3 Nc6 5. Bg2 h6 6. 0-0 b6 7. Nc3 a6 8. Ne5 Bb7 9. Qa4 b5 10. cxb5 axb5 11. Qxb5 Rb8 12. Nxc6 Bxc6 13. Qxc6+ Qd7 14. Qxd7+ Nxd7 15. e4 c6 16. Re1 Bb4 17. exd5 Bxc3 18. bxc3 cxd5 19. Bxd5 0-0 20. Be4 Nf6 21. Ba3 Rfc8 22. Bd6 Rb6 23. Bc5 Ra6 24. Bb7 Rxc5 25. dxc5 1-0